000 00714nam a2200253 i 4500
001 C2-0095226
003 PPAK
005 20180727093014.0
008 970517s1983 si a|||| ||||| | eng d
020 _a9971651203
040 _aPPAK
_beng
_cPPAK
_erda
082 0 4 _a070.4499
_223
090 0 0 _a070.4499
_bPEE
_dG
090 0 0 _a070.4499
_bPEE
_dKMI
090 0 0 _a070.4499
_bPEE
_dKWI
100 1 _aPeet, George L.,
_eauthor
245 1 2 _aA journal in the federal capital
264 1 _aSingapore :
_bTimes Books International ,
_c1983
300 _axv, 175 pages :
_billustrations ;
_c23 cm
336 _2rdacontent
_atext
337 _2rdamedia
_aunmediated
338 _2rdacarrier
_avolume
942 _ddc
_cB
999 _c20076
_d20076